000
00279nam a2200109Ia 4500
001
1268585
005
20260417145253.0
008
260417s9999 xx 000 0 und d
020
_a
9786256792135
245
0
_a
Dünyayı Gezen Oyuncaklar
_c
Aziz Kadırga
260
_b
Ketebe Çocuk
999
_c
1268585
_d
1268585